Biggest Non-O American Cities on a Map - Statistics

General Stats
  • This quiz has been taken 121 times
  • The average score is 26 of 30
Answers on the Map
Answers color-coded by a green-red scale on the quiz's map according to % correct below.
 
Answer Stats
Population City % Correct
1,304,379 Dallas
100%
715,522 Denver
100%
442,241 Miami
100%
1,603,797 Philadelphia
100%
641,903 Las Vegas
99%
737,015 Seattle
99%
498,715 Atlanta
98%
961,855 Austin
98%
384,959 Tampa
98%
508,090 Kansas City
96%
633,104 Memphis
95%
689,447 Nashville
94%
302,971 Pittsburgh
94%
372,624 Cleveland
93%
577,222 Milwaukee
93%
564,559 Albuquerque
92%
309,317 Cincinnati
92%
467,665 Raleigh
90%
413,066 Tulsa
90%
459,470 Virginia Beach
87%
311,527 Saint Paul
86%
397,532 Wichita
82%
311,549 Newark
81%
292,449 Jersey City
79%
504,258 Mesa
79%
403,455 Bakersfield
73%
346,824 Anaheim
72%
314,998 Riverside
70%
307,670 Irvine
53%
310,227 Santa Ana
53%
No matching quizzes found
Score Distribution
Percent of People with Each Score
Percentile by Number Answered
Your Score History
You have not taken this quiz